000 00720nam a2200229Ii 4500
003 JO-AjNU
008 230605s9999||||xx |||||||||||||| ||und||
017 _a2008/9/3426
020 _a978-9957-33-159-7
040 _aJO-AjNU
_bara
_erda
_cJO-AjNU
041 _aara
050 1 4 _aBF724.55.A35.Z8252.2009
100 3 _aالزبيدي، كامل علوان,
_eauthor
_927811
245 0 0 _aعلم نفس الشيخوخة
250 _aط1
264 3 1 _aعمان:مؤسسة الوراق للنشر والتوزيع ، 2008
300 _a280ص
336 _atext
_btxt
_2rdacontent
337 _aunmediated
_bn
_2rdamedia
338 _avolume
_bnc
_2rdacarrier
650 4 _aسيكولوجية الشيخوخة
_927812
999 _aA10712
_c14280
_d14280